00601nam a2200169 i 450000100060000000300090000600500170001500700030003200800410003510000440007624500960012026000660021630000220028249000490030483000490035385200290040223230ES-MaACL20251014063052.0t|021209s1899 sp ||||1| spa d1 aAlzola y Minondo, Pablo de, d1841-191214aLas obras públicas en España b: estudio histórico / cpor Pablo de Alzola y Minondo. aBilbao : b[s.n., c1899] (fImp. de la Casa de Misericordia) a597 p. ; c25 cm.1 aBiblioteca de la Revista de Obras Públicas0 aBiblioteca de la Revista de Obras Públicas aES-MaACLjC-6506 bR.216